Indische Staaten und Unionsterritorien nach Emojis - Statistiken

Allgemein
  • Dieses Quiz wurde 14 mal gespielt
  • Das Durchschnittsergebnis liegt bei 8 aus 14
Antwortstatistiken
First Letter State/Union Territory % Korrekt
G Goa
85%
U Uttar Pradesh
85%
P Punjab
77%
A Assam
62%
K Kerala
62%
M Maharashtra
54%
G Gujarat
46%
H Himachal Pradesh
46%
J Jammu und Kashmir
46%
R Rajasthan
46%
T Tamil Nadu
46%
M Madhya Pradesh
38%
A Andamanen und Nikobaren
31%
W Westbengalen
31%
Keine übereinstimmenden Quizze gefunden
Verteilung der Resultate
Anzahl Personen mit jedem Resultat
Perzentil nach korrekt beantworteten Fragen
Ihre Resultats-Entwicklung
Sie haben dieses Quiz noch nicht gespielt